[Event "Airthings Masters MCCT Prel 2022"]
[Site "Online"]
[Date "2022.02.13"]
[Round "4.8"]
[White "Abdusattorov, Nodirbek"]
[Black "Esipenko, Andrey"]
[Result "1/2-1/2"]
[WhiteElo "2651"]
[BlackElo "2714"]
[Annotator "TA"]
[PlyCount "129"]
[EventDate "2022.02.18"]
[EventType "tourn"]
[EventCountry "NET"]
[SourceTitle "playchess.com"]
[Source "ChessBase"]
[SourceQuality "1"]

{[%evp 9,129,-2,12,6,2,2,7,0,4,10,5,-16,-11,-10,-7,-51,16,12,21,13,18,-10,-6,
-27,-8,-29,27,20,55,14,51,8,10,12,26,21,37,25,64,58,67,53,102,99,92,86,91,91,
91,82,78,83,85,77,86,91,84,99,101,100,103,93,162,162,263,131,135,145,181,110,
339,339,373,129,139,96,133,134,241,185,182,128,131,135,219,128,135,34,46,22,18,
18,31,8,7,8,6,0,0,0,0,0,0,0,0,0,0,0,0,0,0,0,0,0,0,0,0,0,0,0,0,0]} 1. c4 e5 2.
Nc3 Bb4 3. Nd5 Be7 4. e3 Nf6 5. Ne2 Nxd5 6. cxd5 {[#] A21: English Opening: 1..
.e5 2 Nc3.} c6 $146 ({Predecessor:} 6... O-O 7. Nc3 c5 8. Be2 d6 9. O-O Na6 10.
a4 Nc7 11. Bc4 a6 12. d4 exd4 13. exd4 {0-1 (27) Malmstig,E (2336)-Logdahl,H 
(2249) Ronneby 2018}) 7. Nc3 O-O 8. d4 exd4 9. Qxd4 Bf6 10. Qd1 Re8 11. Bd3 Na6
12. Ne4 (12. Bxa6 $11 bxa6 13. O-O) 12... cxd5 (12... Be5 $15) 13. Nxf6+ $11
Qxf6 14. O-O Nc5 15. Bb5 b6 16. Qxd5 Bb7 17. Qd4 Qg6 ({Black should try} 17...
Qxd4 18. exd4 Ba6 $1 19. Bxa6 Nxa6) 18. f3 Bc6 19. Be2 d5 20. Bd2 (20. b4 $14 {
might be stronger.} Ne6 21. Qd2) 20... Ne6 21. Qd3 Qf6 22. Rac1 Rac8 23. Qa3 a5
24. Ba6 Rc7 25. Qb3 Bb7 (25... Rb8 $14 {should be considered.}) 26. Bxb7 $16
Rxb7 {[#]} 27. Bxa5 $1 d4 28. Bd2 dxe3 29. Bxe3 Nd4 {Prevents Qb5.} 30. Qc4 Rd7
31. Rfe1 $36 {[%mdl 2048] White is in control.} h6 32. Bf2 Red8 33. a4 Rd5 34.
b4 Rg5 35. Bg3 $1 h5 (35... b5 $16 36. axb5 Rxb5) 36. Kh1 $1 $18 {aiming for
Bh4.} Nf5 (36... Nxf3 {is a better defense.} 37. Rf1 (37. gxf3 $2 Qxf3+ 38. Kg1
Rxg3+ 39. hxg3 Qxg3+ 40. Kf1 Qf3+ 41. Kg1 Rd6 $19) 37... Nd2 38. Rxf6 Nxc4) 37.
Bf4 (37. Be5 $18 {has better winning chances.} Qg6 38. g3) 37... Rg6 $16 38.
Qc7 Ra8 39. Qe5 {To avoid Qb2} (39. Re5 $18) 39... Nh4 $2 (39... Qxe5 $16 40.
Rxe5 Nd4) 40. Qxf6 $18 gxf6 41. g3 (41. a5 $1 $18 {[%cal Ra5b6]} bxa5 42. b5
Nxg2 43. b6 $1 (43. Re4 f5 $15) 43... Nxe1 44. b7) 41... Nxf3 $16 42. Re3 (42.
Rf1 $142 Ne5 43. Ra1) 42... Ne5 43. Ra3 ({But not} 43. Bxe5 $6 fxe5 44. Rxe5
Rxa4 $14) 43... Ng4 (43... Kh7 $16 {was called for.} 44. a5 bxa5) 44. a5 bxa5
45. Rxa5 (45. Kg2 $18) 45... Re8 46. Ra2 {Prevents Nf2+. White is more active.}
Ne5 {[#]} (46... f5 $16 47. b5 Rb6) 47. Rd1 (47. b5 $1 $18) 47... Rb8 {[#]} 48.
Rd4 (48. Rb1 $1 $16) 48... h4 $1 $14 49. Kg2 hxg3 50. hxg3 Kh7 51. Ra7 {
[%cal Oa7f7]} Rgg8 {The position is equal.} 52. Ra6 Kg7 53. Re4 Rb7 54. Rd6 Rc8
55. Rd5 Rc2+ 56. Rd2 Rc4 57. Rdd4 Rxd4 58. Rxd4 $11 {[%mdl 4096] Endgame
KRB-KRN} Nc6 {[%csl LRb4,LRd4]} 59. Rd6 Nxb4 60. Bd2 Rb5 61. Bxb4 Rxb4 62. Kf3
Kg6 63. Rd7 f5 64. Ra7 f6 65. Rc7 {Black escapes into a draw.  Weighted Error
Value: White=0.21 (precise) /Black=0.19 (very precise)} 1/2-1/2

[Event "Airthings Masters MCCT Prel 2022"]
[Site "Online"]
[Date "2022.02.13"]
[Round "5.1"]
[White "Esipenko, Andrey"]
[Black "Artemiev, Vladislav"]
[Result "0-1"]
[WhiteElo "2714"]
[BlackElo "2700"]
[Annotator "TA"]
[PlyCount "138"]
[EventDate "2022.02.18"]
[EventType "tourn"]
[EventCountry "NET"]
[SourceTitle "playchess.com"]
[Source "ChessBase"]
[SourceQuality "1"]

{[%evp 11,138,14,16,5,22,26,36,21,14,20,20,24,23,16,23,12,10,11,32,0,0,0,0,0,0,
0,0,0,0,0,0,-21,-15,-44,-37,-68,-62,-68,-66,-98,-90,-90,-41,-41,-45,-32,-32,
-37,-18,-34,-18,-25,-2,-13,12,-38,-53,-53,-33,-50,-40,-98,-95,-126,-8,-91,-82,
-357,-346,-338,-349,-354,-308,-450,-142,-146,-137,-122,-137,-158,-159,-162,
-181,-185,-189,-201,-29,-368,-356,-343,-338,-424,-302,-306,-280,-269,-277,-285,
0,0,-1,-84,-97,-139,-139,-139,-139,-139,-63,-112,0,-139,-139,-536,-524,-920,
-907,-841,-802,-691,-683,-871,-566,-12840,-12840,-29983,-29984,-12844,-12838]} 
1. e4 e5 2. Nf3 Nc6 3. Bc4 Nf6 4. d3 Be7 5. O-O O-O 6. Nc3 d6 7. a4 {C55: Two
Knights: 4 d3, 4 d4 exd4 5 e5 and Max Lange Attack.} a5 {7...Be6 is the modern
continuation.} 8. Re1 Re8 9. h3 {White is slightly better.} h6 10. Be3 Bf8 11.
d4 exd4 12. Nxd4 {[#]} Nb4 $146 ({Predecessor:} 12... Ne5 13. Bb3 c6 14. f4 Ng6
15. Qd3 Bd7 16. e5 dxe5 17. Qxg6 exd4 18. Bxf7+ Kh8 19. Bxd4 Rxe1+ 20. Rxe1 {
½-½ (61) Grischuk,A (2773)-Le Goff,R (2288) Chess.com INT 2021}) 13. Bb3 c6
14. Bf4 Bd7 15. Qd2 Rc8 16. Nf3 Be6 17. Bxe6 fxe6 {[%cal Bf7e6,Be6e5][%mdl 32]}
18. Rad1 e5 19. Bg3 Qc7 20. Bh4 Nh5 21. Ne2 Qf7 22. Nh2 Qc4 $1 {[%csl LRc2,
LRe4]} 23. Nc3 d5 $1 24. b3 Qd4 25. Nf3 Qxd2 26. Rxd2 {[%cal Re4d5]} g5 ({
Black should try} 26... d4 $17 27. Ne2 Na6) 27. Bg3 $15 Nxg3 28. fxg3 {[%cal
Re4d5]} d4 29. Nd1 {[%cal Bc3d1,Bd1e3,Be3d5,Bd5c7][%mdl 32]} Na6 {And now ...
Bb4 would win.} 30. Rde2 d3 $36 {[%mdl 2048] Black is pushing.} 31. cxd3 Nc5 (
31... Bb4 $5 {[%cal Rb4e1]} 32. Rf1 Nc5 $11) 32. Ne3 b5 33. axb5 ({White
should play} 33. Ng4 $11 Kg7 34. Rf1 (34. Ngxe5 Bd6 $11) (34. Nfxe5 h5 $11)
34... Nxb3 35. Ra2 (35. Ngxe5 Bd6 $11) (35. Nfxe5 Bc5+ 36. Kh2 Re7 $11)) 33...
cxb5 34. Rb1 Nxd3 35. Nd5 Re6 {To avoid Nf6+} 36. Ra2 (36. Kh2 $15) 36... Ra6
$1 $17 37. Raa1 Nc5 (37... a4 $17 {Strongly threatening ...a3.} 38. Rd1 Nb4 39.
bxa4 (39. Nxe5 a3 $17) 39... bxa4 40. Nxe5 a3 41. Nxb4 Bxb4) 38. Rc1 (38. Nxe5
Nxe4 39. Ng4 Nxg3 $17) (38. b4 $1 $11 Nxe4 39. bxa5) 38... Rd8 39. Nc7 $2 {
[%mdl 8192]} (39. Rd1 $17 {is a better defense.} Bd6 40. Nd2) 39... Ra7 $1 $19
40. Nxb5 Rb7 41. Nc3 (41. Rxa5 Nxb3 42. Nc7 Nxc1 $19) 41... Nxb3 42. Rab1 (42.
Rcb1 $142 Bb4 43. Nd5) 42... Rb4 $2 (42... Rc8 $19 {and Black stays clearly on
top.} 43. Kf1 (43. Rc2 $2 Bc5+ 44. Kf1 Bd4 $19) 43... Nxc1 44. Rxb7 Rxc3) 43.
Rf1 $17 Nd2 $1 {Black is more active.} 44. Nxd2 Rxd2 45. Nd5 Rxb1 ({And not} 
45... Bc5+ 46. Kh2 Rxb1 47. Rxb1 $17) 46. Rxb1 {[%mdl 4096] Endgame KRB-KRN} a4
47. Rb7 {White wants to mate with Nf6+.} Bc5+ $1 48. Kh2 Kf8 $2 (48... Bf2 $1
$19 {aiming for ...a3.} 49. Rd7 (49. Nf6+ $2 Kf8 $19) 49... Kf8 50. Rd8+ Kf7
51. Rd7+ Ke6) 49. Nf6 $2 {[%mdl 8192]} (49. Nb6 $1 $11 {and White has nothing
to worry.}) 49... Bd4 $19 50. Nh7+ Ke8 {White must now prevent ...a3.} 51. Rb8+
Ke7 52. Ra8 Ra2 53. Ra6 a3 54. Nf6 Ra1 $2 (54... Kf7 $19 {Threatens to win
with ...Re2.} 55. Nh5 Ra1 56. Rf6+ Ke7) 55. h4 $1 $11 a2 {With the idea ...Kd8.
} 56. Nd5+ (56. h5 $11) 56... Kd7 $1 $17 57. hxg5 (57. h5 $142) 57... hxg5 58.
g4 Bg1+ 59. Kh3 {[#]} Bc5 ({Better is} 59... Be3 $1 $17 {[%mdl 512]} 60. Kg3 (
60. Nxe3 Rh1+) 60... Bf4+ 61. Kf2 Bd2) 60. Kh2 {To avoid Rh1+} (60. Kg3 $15 {
deserves consideration.}) 60... Bg1+ 61. Kh3 $1 Be3 62. Kh2 $2 {[%mdl 8192] [#]
To avoid Rh1+} (62. Nxe3 $17 {was the crucial defense.} Rh1+ 63. Kg3) 62... Bd2
$1 $19 63. g3 {[#] Prevents Bf4.} Kc8 $1 64. Kg2 Kb7 65. Ra3 Kc6 {Hoping for ..
.Kb5.} 66. Kf2 Kc5 67. Ra4 Kb5 68. Ra8 Ba5 69. Rb8+ Ka4 {Weighted Error Value:
White=0.34/Black=0.24 (precise)} 0-1

[Event "Airthings Masters MCCT Prel 2022"]
[Site "Online"]
[Date "2022.02.13"]
[Round "5.2"]
[White "Nepomniachtchi, Ian"]
[Black "Abdusattorov, Nodirbek"]
[Result "1-0"]
[WhiteElo "2773"]
[BlackElo "2651"]
[Annotator "TA"]
[PlyCount "95"]
[EventDate "2022.02.18"]
[EventType "tourn"]
[EventCountry "NET"]
[SourceTitle "playchess.com"]
[Source "ChessBase"]
[SourceQuality "1"]

{[%evp 13,95,25,14,17,26,24,20,18,16,11,16,12,13,10,12,14,46,38,45,54,42,27,
116,121,193,189,224,247,240,241,204,100,251,177,333,310,327,306,310,243,232,
235,345,168,178,173,286,285,335,314,498,389,875,576,822,776,720,803,785,776,
1040,1058,1002,1057,1494,1076,952,916,2046,1961,6639,7254,3572,2058,29978,
29979,29978,8722,29972,29973,7142,6149,3110,-274]} 1. e4 e5 2. Nf3 Nc6 3. Bc4
Bc5 4. O-O Nf6 5. d3 O-O 6. h3 d5 7. exd5 Nxd5 8. Nbd2 {C24: Bishop's Opening:
2...Nf6.} Be6 9. Ne4 Bb6 {[#]} 10. a4 $146 {[%cal Ba2a4,Ba4a5][%mdl 32] The
position is equal.} ({Predecessor:} 10. Nfg5 Bf5 11. Ng3 Bg6 12. a3 Kh8 13. Qf3
Nf6 14. Be3 Nd4 15. Bxd4 Qxd4 16. c3 Qh4 17. N5e4 Nxe4 18. Nxe4 f5 19. Qg3 Qh6
20. Ng5 f4 21. Qg4 Bf5 {1-0 (21) Acs,G (2144)-Rzeszowski,D (1932) Katowice 2017
}) 10... f6 {Prevents Neg5.} 11. b4 a6 (11... Ncxb4 $2 12. a5 $18) 12. a5 Ba7
13. Bd2 Kh8 14. Re1 Nce7 15. Nc5 $36 {[%mdl 2048] White is more active.} Bxc5
16. bxc5 Bf7 17. Rb1 Qc8 (17... Nc6 $11) 18. d4 $16 Bh5 {[#]} (18... exd4 $16
19. Nxd4 Ng6) 19. g4 $1 $18 (19. dxe5 $6 fxe5 20. Rb3 (20. Rxe5 Bxf3 21. gxf3
c6 $16) 20... Nf6 $16) 19... Bxg4 20. hxg4 Qxg4+ 21. Kh1 Rad8 22. Rg1 (22. Bd3
$18) 22... Qf5 $2 {A mistake that costs the game.} (22... Qh3+ $16 23. Nh2 Nc3
24. Bxc3 Qxc3) 23. Qe2 Nc6 $2 (23... Ng6) 24. Rg2 (24. Rxb7 $2 Nxd4 25. Qd3
Qxf3+ 26. Qxf3 Nxf3 $19) 24... Nf4 25. Bxf4 Qxf4 26. d5 (26. Rxb7 Nxa5 27. Rxc7
Nxc4 $11) 26... e4 27. Nh2 Ne5 (27... Nxa5 $142 28. Ba2 Rfe8) 28. Bb3 (28. Rxb7
$142 Qc1+ 29. Nf1 Qh6+ 30. Nh2 Qc1+ 31. Nf1 Qh6+ 32. Nh2 Qc1+) 28... Nf3 29.
Qe3 Qh4 (29... Qxe3 {was necessary.} 30. fxe3 Ne5) 30. c4 f5 31. Bd1 (31. Qc3
Rd7 32. Bd1 Nxh2 33. Rxh2 Qe7 $18) 31... Rfe8 (31... Ne5 $142 32. Rxb7 Rf7) 32.
Qc3 {[%csl Gg2][%cal Rc3g7]} Rd7 (32... Ne5 33. Rxb7 Re7) 33. Rxb7 {aiming for
Ba4.} e3 34. fxe3 {[%cal Bf2e3,Be3e4][%mdl 32]} Nxh2 35. Rxh2 Qe4+ 36. Rg2 {
Ba4 is the strong threat.} Qh4+ 37. Kg1 {Threatens to win with Ba4.} f4 38. e4
Qe7 39. c6 Qc5+ 40. Kh1 {[%cal Bg1h1,Bh1g2,Bg2h3][%mdl 32]} Rf7 41. Bh5 f3 42.
Bxf7 {[%csl Gg2][%cal Rc3g7]} fxg2+ 43. Kxg2 Rf8 44. Rxc7 Qd6 45. Qg3 (45. Rb7
$142 Qf4 46. Qf3 Qxf3+ 47. Kxf3 g5 48. Kg3 Rd8 49. Be6 h6 50. Kg4) 45... Qh6
46. Rb7 Qd2+ 47. Kh3 {Rb8 would kill now.} Qe2 {[#]} 48. Qxg7+ $3 {[%mdl 33280]
Weighted Error Value: White=0.32/Black=0.51. Loss on time!?} 1-0

[Event "Airthings Masters MCCT Prel 2022"]
[Site "Online"]
[Date "2022.02.13"]
[Round "5.3"]
[White "Kosteniuk, Alexandra"]
[Black "Carlsen, Magnus"]
[Result "0-1"]
[WhiteElo "2516"]
[BlackElo "2865"]
[Annotator "TA"]
[PlyCount "60"]
[EventDate "2022.02.18"]
[EventType "tourn"]
[EventCountry "NET"]
[SourceTitle "playchess.com"]
[Source "ChessBase"]
[SourceQuality "1"]

{[%evp 12,60,32,12,41,27,26,-26,-25,-33,0,-24,-25,-24,-25,-20,-23,-16,-9,-16,
-11,-11,0,-29,-20,-28,-14,-45,-27,-40,0,-36,-35,-82,-93,-149,-143,-268,-271,
-1017,-988,-988,-741,-901,-885,-883,-902,-879,-884,-822,-795]} 1. e4 c5 2. Nf3
e6 3. c3 d5 4. exd5 exd5 5. d4 Nc6 6. Bb5 Bd6 7. O-O Nf6 {B22: Sicilian: 2 c3.}
8. dxc5 {seems to push 8.Re1+ aside.} Bxc5 9. Nd4 (9. Bg5 $142) 9... O-O $11 {
Black has an edge.} 10. Be3 {[#]} Qd6 $146 ({Predecessor:} 10... Ng4 11. Nxc6
Qc7 12. Ne7+ Bxe7 13. g3 Nxe3 14. fxe3 Qc5 15. Qd3 Bg5 16. Re1 g6 {½-½ (62)
Langrock,H (2395)-Vagner,T (2237) Teplice 2008}) 11. h3 {To avoid Ng4} Bb6 12.
Nd2 Nxd4 13. cxd4 Bf5 14. Nf3 Rac8 15. Bd3 Ne4 16. Qb3 Rce8 17. Ne5 f6 18. Nf3
g5 19. Rfc1 h5 20. Nd2 Kg7 21. Bxe4 Bxe4 ({Much weaker is} 21... dxe4 22. Nc4
Qd5 23. Qa3 $14) 22. Nxe4 (22. a4 $15) 22... Rxe4 $17 23. a4 {[#]} ({White
should play} 23. Qc3) 23... Rf7 $1 {Black is more active.} 24. Rc8 {[#]} (24.
Qa3 $17 Qxa3 25. bxa3) 24... Bc7 $1 $19 (24... Bxd4 25. Bxd4 Rxd4 26. Qe3 $17)
25. Rc1 $2 (25. Rxc7 Rxc7 26. Rf1) 25... Qh2+ {Black is clearly winning.} 26.
Kf1 Bf4 {Strongly threatening ...Qh1+.} 27. Qxd5 Qh1+ ({Weaker is} 27... Bxe3
28. Qxe4 Bxc1 29. Qe8 $11) 28. Ke2 Qxg2 {( -> ...Rxe3+)} 29. Kd1 Qf3+ 30. Kc2
Rxe3 {Weighted Error Value: White=0.61/Black=0.22 (precise)} 0-1

[Event "Airthings Masters MCCT Prel 2022"]
[Site "Online"]
[Date "2022.02.13"]
[Round "5.4"]
[White "Keymer, Vincent"]
[Black "Giri, Anish"]
[Result "1-0"]
[WhiteElo "2664"]
[BlackElo "2772"]
[Annotator "TA"]
[PlyCount "69"]
[EventDate "2022.02.18"]
[EventType "tourn"]
[EventCountry "NET"]
[SourceTitle "playchess.com"]
[Source "ChessBase"]
[SourceQuality "1"]

{[%evp 11,69,7,18,6,10,0,0,15,12,0,0,5,19,16,37,0,13,18,0,13,9,4,7,0,0,0,56,51,
57,50,50,56,113,113,327,334,338,331,338,338,338,337,322,312,427,222,541,537,
535,526,505,506,29995,29996,29996,29997,29997,29998,29998,29999]} 1. d4 Nf6 2.
c4 e6 3. Nf3 d5 4. Nc3 Bb4 5. Qa4+ Nc6 6. e3 O-O 7. Qc2 {D38: Queen's Gambit
Declined: Ragozin Defence (4 Nf3 Bb4).} Re8 8. Bd2 a6 9. a3 {The position is
equal.} Bd6 10. h3 Bd7 11. Rd1 h6 12. c5 Bf8 {[#]} 13. Be2 $146 ({Predecessor:
} 13. Ne5 Nxe5 14. dxe5 Ne4 15. Nxe4 dxe4 16. Ba5 Qc8 17. g4 Bc6 18. Bg2 Rd8
19. Rxd8 Qxd8 20. Bxe4 Bxe4 21. Qxe4 Bxc5 22. Qxb7 {1-0 (93) So,W (2767)-Vidit,
S (2718) Khanty-Mansiysk 2019}) 13... e5 14. O-O Qc8 15. Bc1 Bf5 16. Qb3 e4 17.
Nh4 Be6 {[%cal Of8c5]} 18. f3 Ne7 (18... exf3 $11 19. Nxf3 Bxc5 $1) 19. fxe4 $1
$14 Nxe4 20. Nxe4 dxe4 21. Bc4 (21. d5 Nxd5 22. Qc2 (22. Rxd5 $2 c6 $19) 22...
c6 23. Qxe4 Qc7 $17) 21... c6 (21... Bxc4 $1 $14 22. Qxc4 Qe6) 22. Rxf7 $16 {
White is much more active.} Kxf7 {A mistake that costs the game.} (22... Nd5
$16 {was worth a try.} 23. Rf2 (23. Rxb7 Kh7 $16) 23... Be7) 23. Rf1+ $1 $18
Nf5 24. Rxf5+ $1 Kg8 25. Ng6 $1 {[%cal Bh4g6,Bg6e5,Be5f7][%mdl 32]} Bxc4 26.
Qxc4+ Kh7 27. Qf7 {g4 is the strong threat.} Be7 28. b4 ({Inferior is} 28. Nxe7
Rxe7 $1 29. Qxe7 Qxf5 $15) (28. Nf4 $142 Kh8 29. h4) 28... Qd8 $2 (28... Bg5 {
is a better chance.} 29. h4 (29. Ne5 Qe6 $11) (29. Rxg5 hxg5 30. d5 Rg8 $16)
29... Re6) 29. Ne5 {Black must now prevent Qg6+.} Rf8 30. Qg6+ Kg8 {[#]} 31.
Nf7 $1 Qe8 (31... Rxf7 $18 32. Rxf7 Bf6) 32. Nxh6+ $1 {White mates.} Kh8 {[#]}
33. Nf7+ $1 Kg8 {[#]} 34. Rh5 $1 {[%csl Gf7][%cal Rh5h8]} Rxf7 35. Qh7+ {
Weighted Error Value: White=0.10 (very precise) /Black=0.54} 1-0

[Event "Airthings Masters MCCT Prel 2022"]
[Site "Online"]
[Date "2022.02.13"]
[Round "5.5"]
[White "Niemann, Hans Moke"]
[Black "Mamedyarov, Shakhriyar"]
[Result "1/2-1/2"]
[WhiteElo "2642"]
[BlackElo "2767"]
[Annotator "TA"]
[PlyCount "143"]
[EventDate "2022.02.18"]
[EventType "tourn"]
[EventCountry "NET"]
[SourceTitle "playchess.com"]
[Source "ChessBase"]
[SourceQuality "1"]

{[%evp 15,143,45,86,22,70,45,46,38,37,4,24,27,17,25,22,11,58,58,66,68,89,92,96,
91,95,97,93,92,127,124,126,116,120,114,118,16,13,10,10,9,10,0,0,0,0,0,0,0,0,0,
0,0,0,0,0,-7,-6,-9,-6,-6,-6,-41,-7,-7,-7,-12,0,-6,-8,-20,0,0,0,0,0,-29,-29,-29,
0,-29,-29,-29,0,-29,0,0,0,0,0,0,0,0,0,0,0,0,0,0,0,0,0,0,0,0,0,-54,0,0,0,0,0,0,
0,0,0,0,0,0,0,0,0,0,0,0,0,0,0,0,0,0]} 1. c4 e5 2. g3 g6 3. d4 d6 4. Bg2 Bg7 5.
dxe5 dxe5 6. Qxd8+ Kxd8 7. Nc3 c6 8. Nf3 h6 {[#]} (8... Kc7 $14 {is superior.})
9. Nd2 $146 {A41: 1 d4 d6: Tartakower System and Modern Defence.} ({White
should try} 9. O-O $1 $16) ({Predecessor:} 9. Be3 Kc7 10. O-O-O Na6 11. b4 Be6
12. b5 Nb8 13. Bc5 Nd7 14. Bd6+ Kb6 15. bxc6 bxc6 16. Kc2 Bxc4 17. Nd2 Bb5 18.
a4 Rc8 19. Rb1 a6 20. Nc4+ Ka7 21. axb5 cxb5 22. Nxb5+ axb5 23. Ra1# {1-0 (23)
Schreiner,P (2480)-Volkmann,F (2402) Austria 2018}) 9... Kc7 (9... Be6 $11) 10.
b3 Nf6 11. Bb2 {White is slightly better.} Rd8 12. O-O-O Bf5 13. h3 Na6 14. g4
Be6 15. Nf3 Ne8 (15... Rxd1+ $11 {deserves consideration.} 16. Rxd1 Nd7) 16.
Ne4 $36 {[%mdl 2048] White has good play.} f6 17. Nh4 Bf7 (17... f5 18. Ng3 $16
) 18. Ba3 Rxd1+ 19. Rxd1 Rd8 20. Rxd8 Kxd8 21. Ng3 Nac7 {[#]} 22. Be4 $1 g5 23.
Nhf5 Ne6 24. Be7+ Kd7 25. Nxg7 {White is much more active.} (25. e3 $16) 25...
N6xg7 $11 26. Bc5 b6 27. Bf8 h5 28. e3 h4 29. Nf1 Ne6 30. Ba3 Nd6 31. Nd2 Kc7
32. Bd3 Be8 33. Bxd6+ Kxd6 {[%mdl 4096] Endgame KBN-KBN} 34. Ne4+ Ke7 35. Nc3
Nc5 36. Bc2 a5 37. a3 Bf7 38. Kb2 Be6 (38... b5 $5) 39. f3 Kd7 40. Nd1 Nb7 {
[%cal Oa5a4]} 41. Kc3 Nd6 42. Bd3 b5 43. c5 Ne8 44. Nf2 Nc7 45. Be4 Bd5 46. Nd3
Na6 47. Bf5+ Ke7 48. Be4 Nb8 49. b4 a4 50. Bxd5 cxd5 {KN-KN} 51. Nc1 Nc6 52.
Ne2 {Inhibits d4+.} Ke6 53. Kd3 e4+ 54. fxe4 Ne5+ 55. Kd2 Nc4+ 56. Kd3 Ne5+ 57.
Kc2 dxe4 58. Nd4+ Kd7 59. Kd1 ({Wrong is} 59. Nxb5 $2 f5 60. c6+ (60. gxf5 $2
g4 $19) 60... Nxc6 61. gxf5 g4 $19) 59... Nc4 $1 {[%csl LRa3,LRe3]} 60. Nxb5 (
60. Nc2 $11) 60... Nxe3+ (60... f5 $1 $15 61. gxf5 g4) 61. Ke2 {The position
is equal.} Nd5 62. Nd6 Nxb4 63. Nxe4 ({Don't go for} 63. axb4 $2 a3 64. Nxe4 a2
$19) 63... Nd5 64. Kd3 Kc6 {aiming for ...Nf4+.} 65. Kc4 Nf4 66. Nxf6 Nxh3 67.
Ne4 {Prevents Nf2.} Ng1 {Hoping for ...h3.} 68. Nxg5 h3 69. Nxh3 Nxh3 70. Kb4
Ng5 71. Kxa4 Kxc5 72. Kb3 {Weighted Error Value: White=0.11 (very precise) /
Black=0.09 (flawless)} 1/2-1/2

[Event "Airthings Masters MCCT Prel 2022"]
[Site "Online"]
[Date "2022.02.13"]
[Round "5.6"]
[White "Praggnanandhaa R"]
[Black "Aronian, Levon"]
[Result "1-0"]
[WhiteElo "2612"]
[BlackElo "2772"]
[Annotator "TA"]
[PlyCount "159"]
[EventDate "2022.02.18"]
[EventType "tourn"]
[EventCountry "NET"]
[SourceTitle "playchess.com"]
[Source "ChessBase"]
[SourceQuality "1"]

{[%evp 12,159,6,10,27,23,38,14,14,10,22,8,11,0,0,0,4,3,12,0,0,0,18,26,14,18,39,
36,43,37,44,45,43,38,53,37,47,52,50,61,89,82,97,86,133,114,182,185,187,194,169,
164,159,135,203,93,407,410,385,387,633,688,750,691,1399,825,1320,818,3262,3005,
29986,1287,29988,541,538,538,531,531,528,510,475,168,333,333,401,333,617,649,
497,727,636,495,617,490,593,502,663,486,650,620,596,593,573,537,29962,29958,
29958,29961,29937,3516,5369,1876,4669,4669,956,808,1642,1747,29971,29972,29973,
29974,29978,29946,29944,29948,29952,2986,29953,12797,12134,4644,29967,29968,
29970,29970,29974,29971,29975,29976,29976,29977,29977,29978,29982,29983,29983,
29984,29982,29983]} 1. d4 Nf6 2. c4 e6 3. Nf3 d5 4. Nc3 Bb4 5. Qa4+ Nc6 6. e3
O-O 7. Bd2 Re8 {D38: Queen's Gambit Declined: Ragozin Defence (4 Nf3 Bb4).} 8.
a3 Bf8 9. Be2 dxc4 {The position is equal.} 10. Bxc4 {[#]} h6 $146 ({
Predecessor:} 10... a6 11. Qc2 b5 12. Ba2 Bb7 13. Rd1 b4 14. Na4 bxa3 15. bxa3
Ne7 16. Nc5 Bd5 {0-1 (53) Pavlidou,E (2203)-Pershin,D (2388) Chess.com INT 2021
}) 11. Rd1 e5 {[%cal Re5d4]} 12. d5 Nb8 13. e4 Bg4 14. Be2 Nbd7 {[%cal Oc7c6]}
15. h3 Bh5 16. Be3 Bc5 17. Bxc5 Nxc5 18. Qc4 b6 19. O-O Bg6 {[%cal Rf6e4]} 20.
Nd2 a6 21. Bf3 Qe7 22. Rc1 Red8 {[%cal Oc7c6]} 23. Qe2 a5 24. b3 Ne8 25. Nb5 f6
26. Bg4 Bf7 {[%cal Oc7c6]} 27. Rc3 g6 ({Better is} 27... Kh8) 28. h4 $1 $16 {
White is more active.} Ng7 {Inhibits h5.} (28... h5 $16 {was worth a try.} 29.
Bh3 c6 30. dxc6 Nc7) 29. h5 $18 gxh5 {[#]} 30. Bh3 Be8 31. b4 axb4 32. axb4 Na6
{[#]} (32... Bxb5 $16 33. Qxb5 Nb7) 33. Rfc1 (33. Rb1 $1 $18) 33... Qxb4 $2 {
[%mdl 8192] Black cannot hold the game after this.} (33... Bxb5 $16 {is more
resistant.} 34. Qxb5 Qxb4 35. Qxb4 Nxb4) 34. Nxc7 Nxc7 35. Rxc7 Ra2 $2 {[#]} (
35... Ra3 36. Rb1 Qd6 37. Rxg7+ Kxg7) 36. Qf3 $1 Qf8 (36... Qxd2 37. Qxf6) 37.
Nc4 Ra4 38. Ne3 {To avoid f5} Bg6 39. Bf5 Nxf5 40. Nxf5 {Intending Ne7+ and
mate.} (40. exf5 Be8 41. Rb7 Kh8 $18) 40... Kh8 41. d6 (41. Nh4 $142 Be8 42.
Qf5 Bd7 43. Rxd7 Rxd7 44. Qxd7 Qg8 45. Rc8 Ra1+ 46. Kh2) 41... b5 42. Nxh6 Rxd6
43. Rc8 Rd8 {[#]} 44. Nf7+ $1 {[%mdl 576] Deflection} Qxf7 45. Rxd8+ Kg7 46.
Qd1 $2 (46. Qh3 Rd4 47. Rxd4 exd4 48. Qg3) 46... Ra7 {Inhibits Rd7.} (46...
Rxe4 {might work better.} 47. Rcc8 Bf5) 47. f3 b4 48. Rb8 Rb7 $2 (48... Qd7 49.
Rxb4 Qxd1+ 50. Rxd1 Ra6 51. Rb7+ Kh6) 49. Qd8 {[%csl Gb8][%cal Rd8h8]} Rxb8 50.
Qxb8 {[%mdl 4096] Endgame KQR-KQB} Qb3 51. Qa7+ Bf7 52. Rc7 Qe6 53. Rb7 {
Black must now prevent Kh2.} b3 54. Qc5 Qe8 55. Qc7 {Rxb3 is the strong threat.
} Kg6 56. Kh2 Qf8 57. Rb6 {And now Qxe5 would win.} Kg7 58. Rb8 Qa3 59. Rb7 Qf8
60. Rb6 (60. Rxb3 $142 Kg6 61. Rb7 h4 62. Qd7 h3 63. Qg4+ Kh6 64. Qxh3+ Kg6 65.
f4 exf4 66. Qg4+ Kh6 67. Qxf4+ Kg7 68. e5 fxe5 69. Qxe5+ Kh7 70. Qh5+ Kg8 71.
Qg5+ Qg7 72. Rb8+ Kh7 73. Qh4+ Kg6 74. Rb6+ Kf5 75. Qf2+ Ke4 76. Qe2+ Kd5 77.
Qd3+ Qd4 78. Rb5+ Kc6 79. Qxd4) 60... Qh8 61. Qe7 (61. Rxb3 $142 Kg6 62. Rb7)
61... Qh6 62. Rb7 Qg6 63. g3 {[%cal Bg2g3,Bg3g4][%mdl 32]} ({Not} 63. Rb8 Qg5
$16) 63... h4 64. g4 b2 65. Kh3 Kh6 66. Rxb2 Bc4 67. Qb4 Bf1+ 68. Kxh4 Qg5+ 69.
Kg3 {White threatens Qf8+ and mate.} Qf4+ 70. Kf2 {Threatening mate with Qf8+.}
Bc4 71. Qd2 ({Weaker is} 71. g5+ Kg6 $16) 71... Qxd2+ 72. Rxd2 {KR-KB. White
mates.} Kg5 73. Kg3 Bb3 74. Rd7 Kg6 75. f4 exf4+ 76. Kxf4 Be6 77. Rb7 Bc8 78.
Re7 Ba6 79. Re6 Bc8 80. Rc6 {Weighted Error Value: White=0.33/Black=0.81} 1-0